UBT Library

Introduction to symbolic and augmentative communication / (Record no. 39880)

000 -LEADER
fixed length control field 00893pam a2200241 a 4500
001 - CONTROL NUMBER
control field 3450904
005 - DATE AND TIME OF LATEST TRANSACTION
control field 20180109044241.0
008 - FIXED-LENGTH DATA ELEMENTS--GENERAL INFORMATION
fixed length control field 920813s1992 caua b 001 0 eng
010 ## - LIBRARY OF CONGRESS CONTROL NUMBER
LC control number 92032746
020 ## - INTERNATIONAL STANDARD BOOK NUMBER
International Standard Book Number 1565930509
040 ## - CATALOGING SOURCE
Original cataloging agency DLC
Transcribing agency DLC
Modifying agency DLC
041 ## - LANGUAGE CODE
Language code of text/sound track or separate title eng
080 ## - UNIVERSAL DECIMAL CLASSIFICATION NUMBER
Universal Decimal Classification number 616.85.503 VON
082 00 - DEWEY DECIMAL CLASSIFICATION NUMBER
Classification number 616.85.503 VON
Edition number 20
100 1# - Rafti
Rafti 8
101 ## - Shkurtesa
Shkurtesa PAT
245 10 - TITLE STATEMENT
Title Introduction to symbolic and augmentative communication /
Statement of responsibility, etc Stephen von Tetzchner and Harald Martinsen ; translated by Kevin M.J. Quirk.
504 ## - BIBLIOGRAPHY, ETC. NOTE
Bibliography, etc Includes bibliographical references (p. 237-252) and index.
740 0# - ADDED ENTRY--UNCONTROLLED RELATED/ANALYTICAL TITLE
Uncontrolled related/analytical title Symbolic and augmentative communication.
906 ## - LOCAL DATA ELEMENT F, LDF (RLIN)
a 7
b cbc
c orignew
d 1
e ocip
f 19
g y-gencatlg
942 ## - ADDED ENTRY ELEMENTS (KOHA)
Source of classification or shelving scheme
Item type Books
Holdings
Withdrawn status Lost status Source of classification or shelving scheme Damaged status Not for loan Permanent location Current location Date acquired Total Checkouts Full call number Barcode Date last seen Price effective from Koha item type
          UBT - Lipjan UBT - Lipjan 01/09/2018   616.85.503 VON 002-2995128 01/09/2018 01/09/2018 Books
UBT Library © 2015-2024. All rights reserved University Education for Business and Technology